Statistics for Pokemon - Fairy Type

Click here to take the quiz!

General Stats

  • This quiz has been taken 48 times
    (28 since last reset)
  • The average score is 65 of 76

Answer Stats

GenerationSecondary TypeAnswer% Correct
IIWaterAzumarill
100%
IIINormalAzurill
100%
IClefable
100%
IClefairy
100%
IICleffa
100%
VIRockDiancie
100%
VI-MegaRockDiancie (Mega)
100%
IINormalIgglybuff
100%
INormalJigglypuff
100%
IIWaterMarill
100%
INormalWigglytuff
100%
VIRockCarbink
94%
VGrassCottonee
94%
VIFlabebe
94%
VIFloette
94%
VIFlorges
94%
IIIPsychicGardevoir
94%
III-MegaPsychicGardevoir (Mega)
94%
VIIIDarkGrimmsnarl
94%
VIII-GmaxDarkGrimmsnarl (Gigantamax)
94%
IIIPsychicKirlia
94%
IIIPsychicRalts
94%
VISylveon
94%
VIIGrassTapu Bulu
94%
VIIWaterTapu Fini
94%
VIIElectricTapu Koko
94%
VIIPsychicTapu Lele
94%
VGrassWhimsicott
94%
VIIIAlcremie
88%
VIII-GmaxAlcremie (Gigantamax)
88%
III-MegaDragonAltaria (Mega)
88%
VIAromatisse
88%
V-MegaNormalAudino (Mega)
88%
VIIBugCutiefly
88%
VIIIDarkImpidimp
88%
VISteelKlefki
88%
IIISteelMawile
88%
III-MegaSteelMawile (Mega)
88%
VIIIMilcery
88%
IVPsychicMime Jr.
88%
VIIGhostMimikyu
88%
IPsychicMr. Mime
88%
I-AIceNinetales (Alolan)
88%
VIIBugRibombee
88%
VISlurpuff
88%
VISpritzee
88%
VISwirlix
88%
IXSteelTinkaton
88%
I-GPoisonWeezing (Galarian)
88%
VIElectricDedenne
81%
IXFidough
81%
IIGranbull
81%
VIIIPsychicHatterene
81%
VIII-GmaxPsychicHatterene (Gigantamax)
81%
IISnubbull
81%
IXSteelTinkatink
81%
IVFlyingTogekiss
81%
IITogepi
81%
IIFlyingTogetic
81%
VIXerneas
81%
VIII-FormSteelZacian (Crowned Sword)
81%
VIII-FormZacian (Hero of Many Battles)
81%
VIII-FormFlyingEnamorus (Incarnate Forme)
75%
VIII-FormFlyingEnamorus (Therian Forme)
75%
VIIIDarkMorgrem
75%
IXSteelTinkatuff
75%
IXDachsbun
69%
VIISteelMagearna
69%
VIIGrassMorelull
69%
VIIWaterPrimarina
69%
I-GPsychicRapidash (Galarian)
69%
VIIGrassShiinotic
69%
VIIComfey
63%
IXFightingIron Valiant
63%
IXPsychicScream Tail
56%
IXGhostFlutter Mane
50%

Score Distribution

Percentile by Number Answered

Percent of People with Each Score

Your Score History

You have not taken this quiz since the last reset